[Event "Torneo Internazionale"]
[Site "Biel SUI"]
[Date "2009.07.24"]
[Round "5"]
[White "Alekseev, Evgeny"]
[Black "Caruana, Fabiano"]
[Result "1/2-1/2"]
[WhiteElo "2714"]
[BlackElo "2670"]
[PlyCount "103"]
[EventDate "2009.07.19"]

1. e4 c5 2. Nf3 d6 3. d4 cxd4 4. Nxd4 Nf6 5. Nc3 g6 6. Be3 Bg7 7. f3 Nc6 8. Qd2
O-O 9. O-O-O d5 10. exd5 Nxd5 11. Nxc6 bxc6 12. Bd4 Nxc3 13. Qxc3 Bh6+ 14. Be3
Bxe3+ 15. Qxe3 Qb6 16. Qxe7 Be6 17. Qa3 Rad8 18. Bd3 Rd5 19. Rhe1 Ra5 20. Qc3
Rxa2 21. b3 Ra5 22. Bc4 Bxc4 23. Qxc4 Rc5 24. Qd4 Qb5 25. Kb2 a5 26. Ra1 Rd5
27. Qf4 Rf5 28. Qe4 Rd8 29. Rad1 Rfd5 30. Rxd5 cxd5 31. Qd4 Qb4 32. Rd1 Qd6 33.
h4 Qe6 34. g4 a4 35. Qxa4 Qf6+ 36. Qd4 Qxh4 37. b4 Qh2 38. Rd3 Qe2 39. Qe3 Qf1
40. Qd2 Re8 41. Rxd5 Qxf3 42. g5 h5 43. gxh6 Kh7 44. Qd4 Kxh6 45. b5 Ra8 46. b6
Qf1 47. Kb3 Qa6 48. Kc3 Re8 49. Kb2 Ra8 50. Kc3 Re8 51. Kb2 Ra8 52. Kc3 1/2-1/2

[Event "Torneo Internazionale"]
[Site "Biel SUI"]
[Date "2009.07.25"]
[Round "6"]
[White "Caruana, Fabiano"]
[Black "Gelfand, Boris"]
[Result "1/2-1/2"]
[WhiteElo "2670"]
[BlackElo "2755"]
[PlyCount "43"]
[EventDate "2009.07.19"]

1. e4 e5 2. Nf3 Nf6 3. Nxe5 d6 4. Nf3 Nxe4 5. d4 d5 6. Bd3 Nc6 7. O-O Be7 8.
Re1 Bg4 9. c4 Nf6 10. Nc3 Bxf3 11. Qxf3 Nxd4 12. Qh3 dxc4 13. Bxc4 Nc2 14. Rd1
Qc8 15. Qg3 O-O 16. Rb1 Bd6 17. Qh4 Qg4 18. Qxg4 Nxg4 19. h3 Nf6 20. Bg5 Be5
21. Nd5 c6 22. Bxf6 1/2-1/2

[Event "Torneo Internazionale"]
[Site "Biel SUI"]
[Date "2009.07.28"]
[Round "8"]
[White "Caruana, Fabiano"]
[Black "Ivanchuk, Vassily"]
[Result "0-1"]
[WhiteElo "2670"]
[BlackElo "2703"]
[PlyCount "82"]
[EventDate "2009.07.19"]

1. d4 d6 2. e4 Nf6 3. Nc3 g6 4. Be3 Bg7 5. Qd2 c6 6. Bh6 Bxh6 7. Qxh6 Qa5 8.
Bd3 c5 9. Nge2 Nc6 10. d5 Ne5 11. Bb5+ Kd8 12. Ng3 c4 13. h3 a6 14. f4 Nf3+ 15.
gxf3 axb5 16. O-O b4 17. Nce2 Qc5+ 18. Kg2 Bd7 19. c3 bxc3 20. Nxc3 b5 21. a3
Kc7 22. Rad1 Rhg8 23. e5 Nh5 24. Rfe1 g5 25. exd6+ exd6 26. Nxh5 Rg6 27. Ne4
Rxh6 28. Nxc5 dxc5 29. Ng3 gxf4 30. Ne2 Kd6 31. Nxf4 Rg8+ 32. Kf2 Rh4 33. Ng2
Rxh3 34. Rh1 Rgg3 35. Rxh3 Rxh3 36. Re1 h5 37. Re4 Rh1 38. a4 Rb1 39. axb5
Rxb2+ 40. Kg3 c3 41. Ne3 Bxb5 0-1

[Event "Torneo Internazionale"]
[Site "Biel SUI"]
[Date "2009.07.29"]
[Round "9"]
[White "Caruana, Fabiano"]
[Black "Alekseev, Evgeny"]
[Result "1/2-1/2"]
[WhiteElo "2670"]
[BlackElo "2714"]
[PlyCount "145"]
[EventDate "2009.07.19"]

1. e4 c5 2. Nf3 Nc6 3. d4 cxd4 4. Nxd4 e6 5. Nc3 Qc7 6. Be3 Nf6 7. f4 Bb4 8.
Ndb5 Qa5 9. e5 Nd5 10. Bd2 Nxc3 11. Bxc3 O-O 12. Qd2 Bxc3 13. Nxc3 f6 14. exf6
Rxf6 15. O-O-O d5 16. Kb1 Bd7 17. g3 Be8 18. a3 Rb8 19. Nb5 Qxd2 20. Rxd2 Bg6
21. Bh3 a6 22. Nc3 b5 23. Re1 Kf7 24. Nd1 h5 25. Ne3 Be4 26. Bg2 Bxg2 27. Nxg2
Rg8 28. Rd3 g5 29. Rc3 e5 30. fxe5 Re6 31. Rf1+ Kg6 32. h4 Nxe5 33. hxg5 Kxg5
34. Nf4 Rf6 35. Rh1 Rh8 36. Rc7 Rf7 37. Rc5 Kg4 38. Rxd5 Rf5 39. Ne2 Nf3 40.
Rd6 Re8 41. Nf4 Rh8 42. Rg6+ Rg5 43. Rxa6 Kxg3 44. Rf6 h4 45. Rh3+ Kg4 46. Rxf3
Kxf3 47. Ng6+ Kg4 48. Nxh8 h3 49. Nf7 h2 50. Rf1 Rd5 51. Ka2 Kg3 52. Rh1 Kg2
53. Rxh2+ Kxh2 54. Kb3 Kg3 55. c4 bxc4+ 56. Kxc4 Rd2 57. Kc3 Rd5 58. Kc4 Rd2
59. b4 Kf4 60. b5 Kf5 61. a4 Ke6 62. Ng5+ Kd7 63. Ne4 Rh2 64. Nc3 Kd6 65. Ne4+
Kc7 66. a5 Rh4 67. Kd5 Rh5+ 68. Kc4 Rh4 69. Kd4 Kb7 70. Kd5 Rh5+ 71. Kc4 Rh4
72. Kd4 Kc7 73. Kd5 1/2-1/2

[Event "III Torneo Ruy Lopez"]
[Site "Zafra ESP"]
[Date "2009.06.16"]
[Round "4"]
[White "Koneru, Humpy"]
[Black "Caruana, Fabiano"]
[Result "0-1"]
[WhiteElo "2612"]
[BlackElo "2649"]
[PlyCount "100"]
[EventDate "2009.06.13"]

1. d4 d5 2. c4 c6 3. Nf3 Nf6 4. e3 Bf5 5. Nc3 e6 6. Nh4 Be4 7. f3 Bg6 8. Qb3
Qc7 9. Bd2 Be7 10. Rc1 Nbd7 11. g3 dxc4 12. Bxc4 a6 13. a4 Rd8 14. Nxg6 hxg6
15. Ne2 O-O 16. a5 c5 17. O-O Qb8 18. Rc2 cxd4 19. exd4 Bd6 20. Kg2 Nh5 21.
Rfc1 Ndf6 22. Bg5 Rd7 23. Be3 Re8 24. Bf2 Qd8 25. Qa4 Qe7 26. Nc3 Red8 27. Re2
Qf8 28. Kg1 Bb8 29. Bb3 Ba7 30. Rd1 g5 31. Re5 g4 32. f4 g6 33. Kf1 Ng7 34. Ne4
Nxe4 35. Rxe4 Nf5 36. h3 gxh3 37. g4 Nh6 38. Bh4 Nxg4 39. Bxd8 Qxd8 40. Rxe6
fxe6 41. Bxe6+ Kg7 42. Bxg4 Rf7 43. Qb3 Rxf4+ 44. Bf3 Qf6 45. Qxb7+ Kh6 46. Ke2
Bxd4 47. Rh1 Qe6+ 48. Kd1 Qf5 49. Be2 Be3 50. Ke1 Qxa5+ 0-1

[Event "III Torneo Ruy Lopez"]
[Site "Zafra ESP"]
[Date "2009.06.17"]
[Round "5"]
[White "Caruana, Fabiano"]
[Black "Larino Nieto, David"]
[Result "0-1"]
[WhiteElo "2649"]
[BlackElo "2464"]
[PlyCount "108"]
[EventDate "2009.06.13"]

1. e4 e6 2. d4 d5 3. Nc3 Nf6 4. e5 Nfd7 5. f4 c5 6. Nf3 Nc6 7. Be3 a6 8. Qd2
cxd4 9. Nxd4 Bc5 10. O-O-O O-O 11. Qf2 Nxd4 12. Bxd4 b6 13. Bd3 f6 14. Qh4 g6
15. Bxc5 bxc5 16. exf6 Nxf6 17. g4 Qc7 18. g5 Ne8 19. f5 gxf5 20. Rhg1 Qg7 21.
Qf2 c4 22. Be2 Rb8 23. h4 Qe5 24. g6 h6 25. g7 Nxg7 26. Rg6 Rf6 27. Rg2 Rb7 28.
Bf3 Rff7 29. Qd2 f4 30. Re1 Qf6 31. h5 Kh7 32. Rg6 Qd8 33. Reg1 Nf5 34. Qxf4
Qc7 35. Qg4 Rg7 36. Nd1 Qe5 37. c3 Rbf7 38. Qg2 Nh4 39. Rxg7+ Rxg7 40. Qxg7+
Qxg7 41. Rxg7+ Kxg7 42. Bg4 Ng2 43. Kd2 Kf6 44. Ne3 Nf4 45. b3 cxb3 46. axb3
Kg5 47. Bf3 Nxh5 48. c4 d4 49. Nc2 e5 50. c5 Ng3 51. Ba8 h5 52. c6 h4 53. Bb7
h3 54. Ne1 e4 0-1

[Event "III Torneo Ruy Lopez"]
[Site "Zafra ESP"]
[Date "2009.06.18"]
[Round "6"]
[White "Cramling, Pia"]
[Black "Caruana, Fabiano"]
[Result "1/2-1/2"]
[WhiteElo "2528"]
[BlackElo "2649"]
[PlyCount "89"]
[EventDate "2009.06.13"]

1. d4 Nf6 2. Nf3 e6 3. c4 d5 4. Nc3 c6 5. Bg5 h6 6. Bxf6 Qxf6 7. Qc2 Nd7 8. e4
dxe4 9. Qxe4 g6 10. Qe3 Bg7 11. Ne4 Qe7 12. c5 O-O 13. Bc4 b6 14. Rd1 a5 15.
O-O a4 16. b4 axb3 17. axb3 Ba6 18. Bxa6 Rxa6 19. b4 Ra4 20. Rb1 Rb8 21. g3 e5
22. Nd6 Qe6 23. dxe5 bxc5 24. bxc5 Rxb1 25. Rxb1 Nxe5 26. Rb8+ Kh7 27. Nxe5
Bxe5 28. Rb7 Ra1+ 29. Kg2 Qd5+ 30. Qf3 Qxf3+ 31. Kxf3 Bxd6 32. cxd6 Kg7 33. Rc7
Rc1 34. Ke4 Rc4+ 35. Kd3 Rc5 36. d7 Rd5+ 37. Ke4 h5 38. f4 Kf8 39. f5 gxf5+ 40.
Kf4 Kg7 41. Kg5 f4+ 42. Kxf4 Kh7 43. Ke4 Kg7 44. Kf4 Kh7 45. Ke4 1/2-1/2

[Event "XVI Giochi Scacchistici Studenteschi Juniores"]
[Site "Terrasini ITA"]
[Date "2009.05.17"]
[Round "7"]
[White "Vitobello, Pasquale"]
[Black "Davi, Alessandro"]
[Result "0-1"]
[WhiteElo "2015"]
[BlackElo "2039"]
[PlyCount "56"]
[EventDate "2009.05.14"]

1. e4 c6 2. d4 d5 3. e5 Bf5 4. Nc3 e6 5. g4 Bg6 6. h4 h6 7. Be3 c5 8. Qd2 Nc6
9. Nge2 Be7 10. h5 Bh7 11. a3 a6 12. O-O-O c4 13. f4 b5 14. Na2 a5 15. Ng3 b4
16. a4 b3 17. cxb3 Nb4 18. Nc3 cxb3 19. f5 Na2+ 20. Kb1 Bb4 21. Bd3 Rc8 22.
Nge2 Rc4 23. fxe6 Be4 24. exf7+ Kxf7 25. Rhf1+ Ke8 26. Rf4 Qa8 27. Rxe4 Rxc3
28. Bb5+ Rc6 0-1

[Event "XVI Giochi Scacchistici Studenteschi Primarie"]
[Site "Terrasini ITA"]
[Date "2009.05.16"]
[Round "3"]
[White "Falcone, Giuseppe"]
[Black "Dente, Santiago"]
[Result "0-1"]
[WhiteElo "1419"]
[BlackElo "1440"]
[PlyCount "58"]
[EventDate "2009.05.14"]

1. g3 e5 2. Bg2 d5 3. e3 Nf6 4. Ne2 Nc6 5. O-O h5 6. d4 e4 7. f3 h4 8. Rf2 Bd6
9. f4 Ng4 10. Rf1 Nxh2 11. Re1 hxg3 12. Nxg3 Qh4 13. Nh1 Bh3 14. Qd2 Bxg2 15.
Kxg2 Nf3 16. Qf2 Qh2+ 17. Kf1 Qxh1+ 18. Ke2 Nxe1 19. Qxe1 Qf3+ 20. Kd2 Rh2+ 21.
Kc3 Bb4+ 22. Kb3 Bxe1 23. c3 Qe2 24. Ka3 Qc2 25. f5 Qxc1 26. Ka4 Qxb2 27. Na3
Qxc3 28. Rb1 Qa5+ 29. Kb3 Qb4# 0-1

[Event "XXXVII Gold Cup"]
[Site "Merano - Meran ITA"]
[Date "2009.04.21"]
[Round "5"]
[White "Aufmwasser, Guenter"]
[Black "Koch, Dieter"]
[Result "0-1"]
[WhiteElo "1815"]
[BlackElo "1891"]
[PlyCount "87"]
[EventDate "2009.04.17"]

1. f4 d5 2. Nf3 Nf6 3. e3 Bg4 4. h3 Bxf3 5. Qxf3 e6 6. b3 Ne4 7. g3 Qf6 8. d4
Bb4+ 9. Bd2 Nxd2 10. Nxd2 Nd7 11. Rd1 c5 12. Bb5 O-O-O 13. Bxd7+ Rxd7 14. Ke2
cxd4 15. exd4 Qxd4 16. Nc4 Qf6 17. Qd3 Rc7 18. Ne5 Rc3 19. Qb5 Qe7 20. Nd3
Rxc2+ 21. Kf3 Bd6 22. Rc1 Rxc1 23. Rxc1+ Kb8 24. a4 Rc8 25. Rxc8+ Kxc8 26. b4
a6 27. Qb6 Qc7 28. Qd4 Qc4 29. Ke3 f6 30. Nc5 Bxc5 31. bxc5 Qxd4+ 32. Kxd4 f5
33. g4 g6 34. gxf5 gxf5 35. h4 Kd7 36. h5 Kc6 37. h6 b6 38. cxb6 Kxb6 39. Ke5
Kc5 40. Kf6 d4 41. Kg7 d3 42. Kxh7 d2 43. Kh8 d1=Q 44. Kg8 0-1

[Event "XXXVII Gold Cup"]
[Site "Merano - Meran ITA"]
[Date "2009.04.22"]
[Round "6"]
[White "Koch, Dieter"]
[Black "Betz, Egon"]
[Result "1/2-1/2"]
[WhiteElo "1891"]
[BlackElo "2011"]
[PlyCount "85"]
[EventDate "2009.04.17"]

1. d4 f5 2. Bg5 g6 3. e3 Bg7 4. c3 Nf6 5. Bxf6 Bxf6 6. f4 e6 7. Nd2 d5 8. Qf3
c6 9. Nh3 b6 10. Rc1 Bb7 11. Nf2 Nd7 12. Be2 Rc8 13. h4 Bxh4 14. g3 Be7 15. Qg2
Nf8 16. Nd3 Bf6 17. Nf3 Rc7 18. Nde5 h5 19. Rh3 Rch7 20. Kf2 Qe7 21. Qf1 g5 22.
Rh2 Qg7 23. c4 g4 24. Nh4 Bxh4 25. Rxh4 Nd7 26. cxd5 Nxe5 27. fxe5 exd5 28. Bd3
O-O 29. Rc3 Qe7 30. a3 c5 31. Kg2 Bc8 32. Qf4 c4 33. Bb1 Kg7 34. Rc1 Kg6 35.
Bc2 b5 36. b4 Qg5 37. Qf2 Qe7 38. Qf4 Bd7 39. Rh2 a5 40. Rb1 Ra8 41. Kh1 axb4
42. axb4 h4 43. Qxg4+ 1/2-1/2